Industrial Law in South Africa / (Record no. 739)

MARC details
000 -LEADER
fixed length control field 00560nam a22001817a 4500
005 - DATE AND TIME OF INPUT
control field 20231116140739.0
008 - DATA ELEMENTS--GENERAL INFORMATION
fixed length control field 231116b |||||||| |||| 00| 0 eng d
020 ## - INTERNATIONAL STANDARD BOOK NUMBER
International Standard Book Number 0627001378
041 ## - LANGUAGE CODE
Language code of text English
082 ## - SHELF NUMBER
DDC number 343.7 SCH
100 ## - MAIN AUTHOR
Main author's name Schaeffer, M and JF Heyne
Language of a work English
245 ## - TITLE STATEMENT
Title Industrial Law in South Africa /
Statement of responsibility, etc. M Schaeffer and JF Heyne
250 ## - EDITION STATEMENT
Edition statement Second Edition
260 ## - PUBLICATION, DISTRIBUTION, ETC.
Place of publication, distribution, etc. Pretoria :
Name of publisher, distributor, etc. J.L. Schaik Ltd,
Date of publication, distribution, etc. 1973
300 ## - PHYSICAL DESCRIPTION
Other physical details vii, 324 pages ;
Dimensions 23,5 cm.
650 ## - SUBJECT`
Broad subject Legal practice
Own subject terms Law
942 ## - ADDED ENTRY ELEMENTS (KOHA)
Item type Books
942 ## - ADDED ENTRY ELEMENTS (KOHA)
-- ALISON_BN_VRIES
Holdings
Source of classification or shelving scheme Not for loan Collection code Home library Current library Shelving location Date acquired Full call number Barcode Price effective from Koha item type
Dewey Decimal Classification   TEXT BOOKS LAW SOCIETY OF NAMIBIA LIBRARY - WINDHOEK LAW SOCIETY OF NAMIBIA LIBRARY - WINDHOEK The law of South Africa (laws) 11/16/2023 343.7 SCH LSN/1987/283 11/16/2023 Books